000 00507nam a2200133Ia 4500
008 171207s9999 xx 000 0 und d
100 _aCarrizo, Dante
245 _aContextual attributes impacting the effectiveness of requirements elicitation Techniques: Mapping theoretical and empirical research
245 _cDante Carrizo, Oscar Dieste, Natalia Juristo
260 _c2017
300 _apages 194-221, August 2017
440 _aInformation and Software Technology
_v92:
650 _aSOFTWARE TECHNLOGY
999 _c347631
_d347631